000 00466nam a2200157 i 4500
001 35115
003 ES-MaACL
005 20230906155046.0
007 t|
008 030212s1949 fr ||||1| fre d
100 1 _aBordeaux, Henry.
_930390
245 1 3 _aUn precurseur
_b: vie, mort et survie de Saint Louis, roi de France... /
_cHenry Bordeaux.
260 _aParis :
_bPlon,
_c[1949]
300 _a518 p., 1 lám. ;
_c20 cm.
852 _aES-MaACL
_jB-12810
_bR.29191
999 _c35115
_d35115